[Event "FICGS rapid A 000010 email"]
[Site "FICGS email"]
[Date "2007.01.12"]
[Round "1"]
[White "Repa, Jason"]
[Black "Delgado, Mauricio"]
[Result "1-0"]
[WhiteElo "1862"]
[BlackElo "1974"]
[PlyCount "33"]
[EventDate "2007.??.??"]
[EventType "tourn (rapid)"]
[EventRounds "6"]
[SourceTitle "Corr 2022"]
[Source "ChessBase"]
[SourceDate "2021.10.24"]
[SourceVersion "1"]
[SourceVersionDate "2021.10.24"]
[SourceQuality "1"]

1. e4 c5 2. Nf3 d6 3. Bb5+ Bd7 4. Bxd7+ Qxd7 5. c4 Nc6 6. 0-0 Nf6 7. Nc3 g6 8. d4 cxd4 9. Nxd4 Bg7 10. Nde2 Qe6 11. Nd5 Qxe4 12. Nc7+ Kd7 13. Nxa8 Qxc4 14. Nc3 Rxa8 15. Bg5 h6 16. Be3 Ng4 17. Rc1 1-0

[Event "FICGS rapid A 000010 email"]
[Site "FICGS email"]
[Date "2007.01.12"]
[Round "1"]
[White "Satonnet, Patrick"]
[Black "Delgado, Mauricio"]
[Result "1-0"]
[WhiteElo "1933"]
[BlackElo "1974"]
[PlyCount "31"]
[EventDate "2007.??.??"]
[EventType "tourn (rapid)"]
[EventRounds "6"]
[SourceTitle "Corr 2022"]
[Source "ChessBase"]
[SourceDate "2021.10.24"]
[SourceVersion "1"]
[SourceVersionDate "2021.10.24"]
[SourceQuality "1"]

1. e4 c5 2. f4 d5 3. Nc3 dxe4 4. Nxe4 e6 5. Nf3 Nd7 6. g3 Ngf6 7. Nxf6+ Nxf6 8. Bg2 Be7 9. b3 0-0 10. Bb2 Qc7 11. 0-0 b6 12. f5 exf5 13. Nh4 Rb8 14. Nxf5 Bxf5 15. Rxf5 Rbd8 16. d3 1-0

[Event "FICGS class C 000007 email"]
[Site "FICGS email"]
[Date "2006.11.03"]
[Round "1"]
[White "Delgado, Mauricio"]
[Black "Benitez, Ryan"]
[Result "1/2-1/2"]
[WhiteElo "2029"]
[BlackElo "1860"]
[PlyCount "63"]
[EventDate "2006.??.??"]
[EventType "tourn (corr)"]
[EventRounds "4"]
[SourceTitle "Corr 2022"]
[Source "ChessBase"]
[SourceDate "2021.10.24"]
[SourceVersion "1"]
[SourceVersionDate "2021.10.24"]
[SourceQuality "1"]

1. d4 d5 2. Nf3 e6 3. Nbd2 c5 4. e4 Nf6 5. e5 Nfd7 6. c3 Nc6 7. Bd3 Be7 8. 0-0 a5 9. Re1 cxd4 10. cxd4 g5 11. h4 h6 12. hxg5 hxg5 13. g4 Qb6 14. Qa4 Nf8 15. Qb3 Qa7 16. Nf1 Nxd4 17. Qa4+ Nc6 18. Be3 Qb8 19. Bxg5 Bxg5 20. Nxg5 Rg8 21. Nf3 Bd7 22. Qf4 f5 23. Ne3 d4 24. Nxd4 Qxe5 25. Qxe5 Nxe5 26. Bxf5 exf5 27. Ng2 Nfg6 28. f4 Nxf4 29. Rxe5+ Kd8 30. Nxf4 Rxg4+ 31. Kf2 Rxf4+ 32. Ke3 1/2-1/2

[Event "IECG SH.2006.0.00055"]
[Site "IECG email"]
[Date "2006.06.10"]
[Round "?"]
[White "Delgado, Mauricio"]
[Black "Kulczycki, Michael"]
[Result "1/2-1/2"]
[WhiteElo "2082"]
[BlackElo "2023"]
[PlyCount "28"]
[EventDate "2006.05.25"]
[EventType "tourn (corr)"]
[EventRounds "6"]
[SourceTitle "Corr 2022"]
[Source "ChessBase"]
[SourceDate "2021.10.24"]
[SourceVersion "1"]
[SourceVersionDate "2021.10.24"]
[SourceQuality "1"]

1. e4 e6 2. d4 d5 3. Nd2 Be7 4. c3 c5 5. e5 Nc6 6. Ndf3 cxd4 7. cxd4 Bb4+ 8. Bd2 Qb6 9. Bxb4 Qxb4+ 10. Qd2 Qxd2+ 11. Kxd2 Bd7 12. Rc1 Nge7 13. Bd3 Nb4 14. Bb1 Bb5 1/2-1/2

[Event "LSS OP-2006-0-00032"]
[Site "LSS email"]
[Date "2006.05.04"]
[Round "?"]
[White "Delgado, Mauricio"]
[Black "Baroin, Bernard"]
[Result "1-0"]
[WhiteElo "2082"]
[BlackElo "2066"]
[PlyCount "29"]
[EventDate "2006.05.01"]
[EventType "tourn (corr)"]
[EventRounds "4"]
[EventCountry "GER"]
[SourceTitle "Corr 2015"]
[Source "ChessBase"]
[SourceDate "2015.07.17"]
[SourceVersion "1"]
[SourceVersionDate "2015.07.17"]
[SourceQuality "1"]

1. e4 e5 2. Nf3 Nc6 3. Bb5 Nf6 4. 0-0 Nxe4 5. d4 Nd6 6. Bxc6 dxc6 7. dxe5 Nf5 8. Qxd8+ Kxd8 9. Nc3 Bb4 10. Ne4 h6 11. Bd2 Bxd2 12. Rad1 Ke7 13. Rxd2 Rd8 14. g4 Rxd2 15. Nexd2 1-0

[Event "IECG ZH.2006.0.00018"]
[Site "IECG email"]
[Date "2006.05.04"]
[Round "?"]
[White "Shishkin, Victor A"]
[Black "Delgado, Mauricio"]
[Result "1/2-1/2"]
[WhiteElo "2157"]
[BlackElo "2082"]
[PlyCount "59"]
[EventDate "2006.05.04"]
[EventType "tourn (corr)"]
[EventRounds "2"]
[SourceTitle "Corr 2008"]
[Source "ChessBase"]
[SourceDate "2008.06.24"]
[SourceVersion "1"]
[SourceVersionDate "2008.06.24"]
[SourceQuality "1"]

1. d4 Nf6 2. c4 e6 3. Nf3 d5 4. Nc3 Be7 5. Bg5 h6 6. Bh4 0-0 7. e3 b6 8. Bd3 Bb7 9. cxd5 Nxd5 10. Bxe7 Qxe7 11. Rc1 Rc8 12. 0-0 c5 13. Nxd5 Bxd5 14. Re1 Nd7 15. Ba6 Bxf3 16. Qxf3 Rd8 17. Red1 cxd4 18. Rxd4 Nc5 19. Be2 e5 20. Rxd8+ Rxd8 21. b4 e4 22. Qg4 Nd3 23. Rc8 Nxb4 24. Rxd8+ Qxd8 25. Qxe4 Nxa2 26. Qc4 Qd2 27. Qc8+ Kh7 28. Qf5+ Kg8 29. Qc8+ Kh7 30. Qf5+ 1/2-1/2